Normal view
MARC view
Entry Topical Term
001 - CONTROL NUMBER
- control field: 31809
003 - CONTROL NUMBER IDENTIFIER
- control field: dpl
005 - DATE AND TIME OF LATEST TRANSACTION
- control field: 20110808121535.0
008 - FIXED-LENGTH DATA ELEMENTS
- fixed length control field: 110808|||a|||||| | ||| d
040 ## - CATALOGING SOURCE
- Original cataloging agency: dpl
- Transcribing agency: dpl
150 ## - HEADING--TOPICAL TERM
- Topical term or geographic name as entry element: East Indians
- Form subdivision: Fiction.
670 ## - SOURCE DATA FOUND
- Source citation: Work cat.: (dpl)0: Doshi, Tishani, 1975- 31808, The pleasure seekers :, c2010.
670 ## - SOURCE DATA FOUND
- Source citation: Work cat.: (dpl)0: Doshi, Tishani, 1975- 31808, The pleasure seekers :, c2010.
